000 00667nam a22002774a 4500
001 UByD003007
003 AR-LpoUNG
005 20240802142117.0
008 240802s1994||||ag g 000|f spa d
020 _a9879986717
040 _aAR-LpoUNG
_bspa
_cAR-LpoUNG
_eaacr
041 0 _aspa
044 _aag
082 0 _aA863 223dia
100 1 _aRaschella, Roberto
245 1 0 _aDiálogos en los patios rojos
250 _a1ra. ed.
260 _aBuenos Aires :
_bParadiso,
_c1994.
300 _a202 p.
650 4 _aARGENTINA
650 4 _aLITERATURA
650 4 _aNOVELAS
653 0 _aLITERATURA ARGENTINA
905 _a56627
942 _cLIB
_2ddc
999 _c65599
_d65599